00511nam a2200157Ia 4500008004100000040001600041041001200057082001800069100002300087245003900110260002600149300001800175942000700193952013600200999001700336230917s9999||||xx |||||||||||||| ||und|| e65770aMAIN aEnglish a891.2109 S23B aSharma, Raghu Nath 0aBhakti in the vaisnava rasa-sastra aDelhibPratibhac1996 axxxii, 456 p. cBK 0010406891_210900000000000_S23B709136038aMAINbMAINd2003-01-16l0o891.2109 S23Bp171040r2023-09-17 21:03:15w2023-09-17yBK c90308d90308